[Event "GER-chT Lands U20"]
[Site "Wiesbaden"]
[Date "2022.10.03"]
[Round "5.7"]
[White "Jeschke, Jan"]
[Black "Faerber, David"]
[Result "0-1"]
[WhiteElo "2146"]
[BlackElo "2354"]
[PlyCount "118"]
[EventDate "2022.09.30"]
[EventType "team-swiss"]
[EventRounds "7"]
[EventCountry "GER"]
[SourceTitle "CBM 210 Extra"]
[Source "ChessBase"]
[SourceDate "2022.11.30"]
[SourceVersion "1"]
[SourceVersionDate "2022.11.30"]
[SourceQuality "1"]
[WhiteTeam "Saarland U20"]
[BlackTeam "Baden U20 II"]
[WhiteTeamCountry "GER"]
[BlackTeamCountry "GER"]

1. e4 c5 2. Nf3 Nc6 3. d4 cxd4 4. Nxd4 e6 5. Nc3 Qc7 6. Be3 a6 7. a3 b5 8. Nxc6 dxc6 9. f4 Bb7 10. Qf3 Nf6 11. g4 0-0-0 12. g5 Nd7 13. Qf2 h6 14. g6 fxg6 15. 0-0-0 Nf6 16. Bh3 Rxd1+ 17. Rxd1 Qf7 18. f5 gxf5 19. Qf4 Qc7 20. Bxf5 exf5 21. Qxf5+ Nd7 22. Bf4 g6 23. Rxd7 Qxd7 24. Qe5 Qd6 25. Qe8+ Qd8 26. Qe6+ Qd7 27. Qe5 Kd8 28. Qxh8 Qg7 29. Qxg7 Bxg7 30. Kd2 Kd7 31. Kd3 c5 32. e5 Ke6 33. Ne4 c4+ 34. Kd4 Kf5 35. Nc5 Bc6 36. Bg3 a5 37. b3 cxb3 38. cxb3 g5 39. Nd3 Bf8 40. b4 axb4 41. axb4 h5 42. Be1 h4 43. Ke3 Be7 44. Bd2 Bd8 45. Bc3 Be7 46. Bd2 g4 47. Kd4 Be4 48. Nf2 Bf3 49. Nd3 Be2 50. Nf4 Bf3 51. Nd3 g3 52. hxg3 h3 53. g4+ Kxg4 54. Bf4 Be2 55. Bh2 Bxd3 56. Kxd3 Kf3 57. e6 Kg2 58. Bf4 Bxb4 59. Bd2 Be7 0-1

[Event "GER-ch U18"]
[Site "Willingen"]
[Date "2022.06.05"]
[Round "1"]
[White "Koelle, Tobias"]
[Black "Jeschke, Jan"]
[Result "1-0"]
[WhiteElo "2443"]
[BlackElo "2125"]
[PlyCount "63"]
[EventDate "2022.06.04"]
[EventType "swiss"]
[EventRounds "9"]
[EventCountry "GER"]
[SourceTitle "CBM 208 Extra"]
[Source "ChessBase"]
[SourceDate "2022.07.31"]
[SourceVersion "1"]
[SourceVersionDate "2022.07.31"]
[SourceQuality "1"]

1. d4 Nf6 2. c4 e5 3. dxe5 Ng4 4. Bf4 Nc6 5. Nf3 Bb4+ 6. Nbd2 Qe7 7. a3 Ngxe5 8. Nxe5 Nxe5 9. e3 Bxd2+ 10. Qxd2 d6 11. Be2 0-0 12. 0-0 a5 13. b3 b6 14. e4 Bb7 15. f3 Ng6 16. Bg3 Qf6 17. Rae1 Rfe8 18. Kh1 h5 19. h3 h4 20. Bh2 Nf8 21. Bd3 Ne6 22. e5 dxe5 23. Bxe5 Qd8 24. Rd1 c5 25. Rfe1 Qg5 26. Re3 a4 27. bxa4 Bc6 28. Bc7 Bxa4 29. Rxe6 Qxd2 30. Rxe8+ Rxe8 31. Rxd2 Re1+ 32. Kh2 1-0

[Event "GER-chT Lands U20"]
[Site "Berlin"]
[Date "2020.10.04"]
[Round "7.8"]
[White "Fromm, Marius"]
[Black "Jeschke, Jan"]
[Result "1/2-1/2"]
[WhiteElo "2190"]
[BlackElo "2043"]
[PlyCount "104"]
[EventDate "2020.09.29"]
[EventType "team-swiss"]
[EventRounds "7"]
[EventCountry "GER"]
[SourceTitle "CBM 198 Extra"]
[Source "ChessBase"]
[SourceDate "2020.11.30"]
[SourceVersion "1"]
[SourceVersionDate "2020.11.30"]
[SourceQuality "1"]
[WhiteTeam "Mecklenburg Vorpommern U20"]
[BlackTeam "Saarland U20"]
[WhiteTeamCountry "GER"]
[BlackTeamCountry "GER"]

1. e4 e6 2. d4 d5 3. Nc3 Bb4 4. e5 c5 5. a3 Bxc3+ 6. bxc3 Ne7 7. Qg4 Qc7 8. Qxg7 Rg8 9. Qxh7 cxd4 10. Qd3 dxc3 11. Ne2 Qxe5 12. Qxc3 Qxc3+ 13. Nxc3 e5 14. Rb1 Nbc6 15. h4 b6 16. Nb5 Kd7 17. h5 Bb7 18. f3 Rac8 19. a4 Nf5 20. Bd3 e4 21. fxe4 dxe4 22. Bxe4 Rce8 23. 0-0 Rxe4 24. Rxf5 Ne7 25. Rf2 Re1+ 26. Kh2 Nf5 27. Ra1 Rg4 28. Rd2+ Kc8 29. Ra3 Rh4+ 30. Rh3 Rxh3+ 31. Kxh3 Rxc1 32. Nxa7+ Kb8 33. Nb5 Bc8 34. Kg4 f6 35. Rd8 Ng7+ 36. Kf3 Nxh5 37. Rg8 Rf1+ 38. Ke2 Rf5 39. Rxc8+ Kxc8 40. Nd6+ Kd7 41. Nxf5 Nf4+ 42. Kf3 Nd5 43. Ng7 Ke7 44. Ke4 Nc3+ 45. Kf5 Nd5 46. Ke4 Nc3+ 47. Kd4 Nxa4 48. Kc4 Nb2+ 49. Kb5 Nd1 50. g4 Nf2 51. Nf5+ Ke6 52. Ne3 Ke5 1/2-1/2

[Event "GER-ch Net Amateur Gr-A Vor3"]
[Site "Playchess.com INT"]
[Date "2020.04.16"]
[Round "4"]
[White "Beesk, Kevin"]
[Black "Jeschke, Jan"]
[Result "0-1"]
[WhiteElo "1845"]
[BlackElo "2011"]
[PlyCount "64"]
[EventDate "2020.04.16"]
[EventType "swiss (blitz)"]
[EventRounds "9"]
[EventCountry "GER"]
[SourceTitle "CBM 195 Extra"]
[Source "ChessBase"]
[SourceDate "2020.05.31"]
[SourceVersion "1"]
[SourceVersionDate "2020.05.31"]
[SourceQuality "1"]

1. Nc3 Nf6 2. e4 d6 3. d4 g6 4. Be3 Bg7 5. Qd2 h5 6. f3 c6 7. 0-0-0 Bd7 8. Kb1 b5 9. g3 a5 10. Bh3 a4 11. Bxd7+ Nbxd7 12. Nce2 Nb6 13. Qd3 Nc4 14. Bc1 d5 15. e5 Nd7 16. f4 e6 17. Nf3 b4 18. Nd2 Ndb6 19. Nxc4 dxc4 20. Qf3 Nd5 21. h3 Qa5 22. g4 b3 23. cxb3 axb3 24. a3 Bf8 25. Nc3 Bb4 26. Nxd5 cxd5 27. Rh2 hxg4 28. Qxg4 c3 29. bxc3 Bxa3 30. Qe2 Bxc1 31. Kxc1 Qxc3+ 32. Kb1 Ra1# 0-1

[Event "GER-ch Net Amateur Gr-A Vor3"]
[Site "Playchess.com INT"]
[Date "2020.04.16"]
[Round "2"]
[White "Jeschke, Jan"]
[Black "Hehn, Hartmut"]
[Result "1-0"]
[WhiteElo "2030"]
[BlackElo "1809"]
[PlyCount "69"]
[EventDate "2020.04.16"]
[EventType "swiss (blitz)"]
[EventRounds "9"]
[EventCountry "GER"]
[SourceTitle "CBM 195 Extra"]
[Source "ChessBase"]
[SourceDate "2020.05.31"]
[SourceVersion "1"]
[SourceVersionDate "2020.05.31"]
[SourceQuality "1"]

1. e4 c6 2. d4 d5 3. e5 c5 4. dxc5 e6 5. Be3 Ne7 6. Nf3 Nf5 7. Bd4 Nc6 8. Bb5 Bd7 9. Bxc6 Bxc6 10. 0-0 Rc8 11. c3 Bb5 12. Re1 Bxc5 13. a4 Bxd4 14. Nxd4 Nxd4 15. Qxd4 Qa5 16. Nd2 Bd7 17. Re3 Qc5 18. Qg4 g6 19. Nf3 h5 20. Qf4 Qe7 21. Nd4 g5 22. Qf3 h4 23. h3 Rf8 24. Qh5 Kd8 25. Rf3 Rc4 26. a5 Ra4 27. Rxa4 Bxa4 28. Rf6 Be8 29. Qxg5 b6 30. axb6 axb6 31. Qxh4 Bd7 32. f4 Rg8 33. Qh7 Qf8 34. Rxf7 Qe8 35. Rxd7+ 1-0

[Event "GER-ch Net Amateur Gr-A Vor2"]
[Site "Playchess.com INT"]
[Date "2020.04.15"]
[Round "4"]
[White "Jeschke, Jan"]
[Black "Kersten, Uwe"]
[Result "0-1"]
[WhiteElo "1991"]
[BlackElo "2093"]
[PlyCount "84"]
[EventDate "2020.04.15"]
[EventType "swiss (blitz)"]
[EventRounds "9"]
[EventCountry "GER"]
[SourceTitle "CBM 196 Extra"]
[Source "ChessBase"]
[SourceDate "2020.07.31"]
[SourceVersion "1"]
[SourceVersionDate "2020.07.31"]
[SourceQuality "1"]

1. e4 e6 2. d4 d5 3. Nd2 Nf6 4. e5 Nfd7 5. Bd3 c5 6. c3 b6 7. f4 Ba6 8. Bxa6 Nxa6 9. Ngf3 Nc7 10. 0-0 g6 11. a4 a6 12. Qe1 h5 13. g3 Be7 14. h3 c4 15. Nh2 b5 16. axb5 axb5 17. Rxa8 Qxa8 18. Ndf3 Qa4 19. g4 hxg4 20. hxg4 Qc2 21. Qd2 Qxd2 22. Bxd2 Nb6 23. Kg2 Na4 24. Rb1 Kd7 25. b3 Nb6 26. b4 Ra8 27. Rb2 Ra1 28. g5 Na4 29. Rc2 Rb1 30. Ng4 Na8 31. Nf6+ Kc6 32. Ng8 Kd7 33. Nh2 N8b6 34. Ng4 Nb2 35. N8f6+ Bxf6 36. Nxf6+ Ke7 37. Rc1 Rxc1 38. Bxc1 Nd1 39. Bd2 Na4 40. Ng8+ Kf8 41. Nf6 Ke7 42. Ng8+ Kd8 0-1

[Event "GER-ch Net Amateur Gr-A Vor2"]
[Site "Playchess.com INT"]
[Date "2020.04.15"]
[Round "1"]
[White "Jeschke, Jan"]
[Black "Zielinski Backens, Werner"]
[Result "1-0"]
[WhiteElo "1991"]
[BlackElo "1674"]
[PlyCount "45"]
[EventDate "2020.04.15"]
[EventType "swiss (blitz)"]
[EventRounds "9"]
[EventCountry "GER"]
[SourceTitle "CBM 196 Extra"]
[Source "ChessBase"]
[SourceDate "2020.07.31"]
[SourceVersion "1"]
[SourceVersionDate "2020.07.31"]
[SourceQuality "1"]

1. e4 c5 2. d4 cxd4 3. c3 g6 4. Nf3 Bg7 5. Bc4 dxc3 6. Nxc3 Nc6 7. 0-0 d6 8. Qe2 Nf6 9. Rd1 Bg4 10. Bf4 Nh5 11. Bxf7+ Kf8 12. Bg3 Nxg3 13. fxg3 Bxf3 14. Qxf3 Ne5 15. Qf4 Nxf7 16. Rf1 Bf6 17. Nd5 Kg7 18. Rac1 Rf8 19. Nc7 Bd4+ 20. Kh1 Ng5 21. Qxg5 Rxf1+ 22. Rxf1 Qxc7 23. Qf4 1-0

[Event "GER-ch Net blitz qual5"]
[Site "Playchess.com INT"]
[Date "2020.03.28"]
[Round "9"]
[White "Jeschke, Jan"]
[Black "Hoolt, Sarah"]
[Result "0-1"]
[WhiteElo "2043"]
[BlackElo "2334"]
[PlyCount "168"]
[EventDate "2020.03.28"]
[EventType "swiss (blitz)"]
[EventRounds "13"]
[EventCountry "GER"]
[SourceTitle "CBM 195 Extra"]
[Source "ChessBase"]
[SourceDate "2020.05.31"]
[SourceVersion "1"]
[SourceVersionDate "2020.05.31"]
[SourceQuality "1"]

1. e4 c5 2. d4 cxd4 3. c3 Nf6 4. e5 Nd5 5. Nf3 Nc6 6. Bc4 Nb6 7. Bb3 e6 8. 0-0 d5 9. cxd4 Bd7 10. Nc3 Be7 11. Be3 f5 12. Ne1 0-0 13. f4 Na5 14. Nd3 Nxb3 15. axb3 a6 16. Qe2 Rc8 17. b4 Nc4 18. Nc5 Qc7 19. Bc1 b6 20. Nxa6 Qb7 21. b3 Ra8 22. bxc4 Rxa6 23. Rxa6 Qxa6 24. b5 Qa5 25. Bd2 Bb4 26. Rc1 dxc4 27. Qxc4 Rc8 28. Qb3 Bxc3 29. Rxc3 Rxc3 30. Bxc3 Qxb5 31. Qxb5 Bxb5 32. Kf2 Bc4 33. Ke3 Kf8 34. Kd2 Kf7 35. Bb4 Ke8 36. Kc3 Bd5 37. g3 Kd7 38. Bf8 g6 39. Kb4 Kc6 40. Bd6 Be4 41. h3 Kd5 42. Bc7 Kxd4 43. Bxb6+ Kd3 44. Kc5 Bd5 45. Kd6 Ke4 46. Bf2 Kf3 47. Be1 Ke2 48. Bc3 Kf2 49. g4 Ke3 50. gxf5 gxf5 51. Ke7 Kxf4 52. Kf6 Kg3 53. Kg5 Kxh3 54. Bd2 Kg3 55. Bf4+ Kf3 56. Bh2 Ke4 57. Bg3 Ke3 58. Bh2 h6+ 59. Kh4 f4 60. Kg4 f3 61. Bf4+ Ke2 62. Bg3 f2 63. Bxf2 Kxf2 64. Kh5 Ke3 65. Kxh6 Kf4 66. Kg6 Kxe5 67. Kg5 Ke4 68. Kg4 e5 69. Kg3 Ke3 70. Kh2 Bc4 71. Kg1 e4 72. Kg2 Kd2 73. Kf2 e3+ 74. Kf3 e2 75. Ke4 e1Q+ 76. Kd4 Qe2 77. Kc5 Ba2 78. Kd4 Qc4+ 79. Ke5 Qd5+ 80. Kf4 Kd3 81. Kg3 Ke3 82. Kh2 Qg5 83. Kh3 Bd5 84. Kh2 Qg2# 0-1

[Event "GER-ch Net blitz qual5"]
[Site "Playchess.com INT"]
[Date "2020.03.28"]
[Round "10"]
[White "Scholz, Christian"]
[Black "Jeschke, Jan"]
[Result "1-0"]
[WhiteElo "2368"]
[BlackElo "2043"]
[PlyCount "103"]
[EventDate "2020.03.28"]
[EventType "swiss (blitz)"]
[EventRounds "13"]
[EventCountry "GER"]
[SourceTitle "CBM 195 Extra"]
[Source "ChessBase"]
[SourceDate "2020.05.31"]
[SourceVersion "1"]
[SourceVersionDate "2020.05.31"]
[SourceQuality "1"]

1. d4 Nf6 2. c4 e6 3. Nf3 Bb4+ 4. Nbd2 0-0 5. a3 Bxd2+ 6. Qxd2 d5 7. e3 a6 8. b3 b6 9. Be2 Bb7 10. 0-0 Nbd7 11. Bb2 c5 12. cxd5 Bxd5 13. b4 Ne4 14. Qc2 c4 15. Nd2 Nxd2 16. Qxd2 Nf6 17. f3 Rc8 18. e4 Bb7 19. Rac1 b5 20. Qg5 Qb6 21. Kh1 h6 22. Qg3 Rfd8 23. d5 exd5 24. e5 Ne8 25. Rfd1 d4 26. Qg4 c3 27. Ba1 Nc7 28. Bd3 Ne6 29. f4 Qc6 30. Re1 Rc7 31. f5 Nf8 32. Be4 Qb6 33. Bd3 Bd5 34. f6 g6 35. Rcd1 Bc4 36. Be4 Qe6 37. Qg3 Bd5 38. Rxd4 c2 39. Rc1 Nh7 40. Qd3 Ng5 41. Bxd5 Qxe5 42. Bxf7+ Nxf7 43. Rxd8+ Nxd8 44. Bxe5 Nf7 45. Qd5 Rc8 46. Bb2 Rd8 47. Qf3 Rd2 48. h3 h5 49. Kh2 Ng5 50. Qe3 Kf7 51. Qxd2 Nf3+ 52. gxf3 1-0

[Event "GER-ch Net blitz qual4"]
[Site "Playchess.com INT"]
[Date "2020.03.23"]
[Round "1"]
[White "Hoehne, Peter"]
[Black "Jeschke, Jan"]
[Result "0-1"]
[WhiteElo "2020"]
[BlackElo "2043"]
[PlyCount "26"]
[EventDate "2020.03.23"]
[EventType "swiss (blitz)"]
[EventRounds "9"]
[EventCountry "GER"]
[SourceTitle "CBM 195 Extra"]
[Source "ChessBase"]
[SourceDate "2020.05.31"]
[SourceVersion "1"]
[SourceVersionDate "2020.05.31"]
[SourceQuality "1"]

1. e4 e6 2. d4 d5 3. e5 c5 4. c3 Nc6 5. Nf3 Bd7 6. dxc5 Bxc5 7. Bd3 f6 8. Bd2 fxe5 9. Bg5 Nf6 10. Bb5 0-0 11. Bxc6 Bxc6 12. Nxe5 Bxf2+ 13. Kxf2 Ne4+ 0-1

[Event "GER-ch Net blitz qual3"]
[Site "Playchess.com INT"]
[Date "2020.03.21"]
[Round "8"]
[White "Jeschke, Jan"]
[Black "Henning, Marvin"]
[Result "1-0"]
[WhiteElo "2043"]
[BlackElo "1987"]
[PlyCount "183"]
[EventDate "2020.03.21"]
[EventType "swiss (blitz)"]
[EventRounds "9"]
[EventCountry "GER"]
[SourceTitle "CBM 195 Extra"]
[Source "ChessBase"]
[SourceDate "2020.05.31"]
[SourceVersion "1"]
[SourceVersionDate "2020.05.31"]
[SourceQuality "1"]

1. e4 d5 2. exd5 Qxd5 3. Nc3 Qd6 4. d4 Nf6 5. Bc4 c6 6. Nge2 g6 7. Bf4 Qb4 8. Bb3 Bg7 9. Qd2 h5 10. f3 Nbd7 11. 0-0-0 Nb6 12. a3 Qa5 13. Bc7 Bh6 14. Bf4 Bxf4 15. Nxf4 Bf5 16. Rhe1 e6 17. Nxe6 fxe6 18. Bxe6 Bxe6 19. Rxe6+ Kf7 20. Rxf6+ Kg7 21. d5 Rhf8 22. Rxf8 Rxf8 23. Qd4+ Kh7 24. d6 Qg5+ 25. Kb1 Rd8 26. Ne4 Qf5 27. Nf6+ Kh6 28. g4 Qxf3 29. gxh5 c5 30. Qd2+ g5 31. Rg1 Qxf6 32. h4 Rg8 33. d7 Nxd7 34. Qxd7 Rg7 35. hxg5+ Rxg5 36. Rxg5 Qxg5 37. Qe6+ Kxh5 38. Qe2+ Kh6 39. Qh2+ Kg6 40. Qd6+ Kh5 41. Qd7 b6 42. Qxa7 Qg6 43. Qd7 Kg5 44. a4 Qf6 45. Qd5+ Kg4 46. Qg2+ Kh5 47. b3 Qd6 48. Qh3+ Kg5 49. Qg2+ Kh5 50. Kb2 Qd4+ 51. Ka2 Qd6 52. Qe2+ Kg5 53. Qe3+ Kh5 54. Kb2 Kg4 55. Qe4+ Kg5 56. Qd3 Qf6+ 57. Qc3 Qd6 58. a5 bxa5 59. Qxa5 Qd4+ 60. Qc3 Qd6 61. Qe3+ Kg4 62. Qe4+ Kg5 63. Qg2+ Kf5 64. Qh3+ Kg5 65. Qh8 Kf5 66. Qh7+ Kg5 67. Qg7+ Kf5 68. Kc3 Qb6 69. Qf7+ Ke5 70. Qe7+ Kf5 71. Qd7+ Ke5 72. Qg4 Qa7 73. Qg5+ Ke4 74. Qg6+ Ke5 75. Qc6 Qa5+ 76. Kb2 Qb4 77. c3 Qa5 78. Qb7 Kd6 79. b4 Qd8 80. Qa6+ Kd5 81. Qd3+ Kc6 82. Qxd8 cxb4 83. cxb4 Kb5 84. Qd4 Ka4 85. Kc3 Kb5 86. Qc5+ Ka6 87. b5+ Kb7 88. Qc6+ Kb8 89. Qd7 Ka8 90. b6 Kb8 91. Qc7+ Ka8 92. Qc8# 1-0

[Event "GER-ch Net blitz qual3"]
[Site "Playchess.com INT"]
[Date "2020.03.21"]
[Round "9"]
[White "Kleeschaetzky, Rainer"]
[Black "Jeschke, Jan"]
[Result "1-0"]
[WhiteElo "2293"]
[BlackElo "2043"]
[PlyCount "133"]
[EventDate "2020.03.21"]
[EventType "swiss (blitz)"]
[EventRounds "9"]
[EventCountry "GER"]
[SourceTitle "CBM 195 Extra"]
[Source "ChessBase"]
[SourceDate "2020.05.31"]
[SourceVersion "1"]
[SourceVersionDate "2020.05.31"]
[SourceQuality "1"]

1. e4 e6 2. d4 d5 3. e5 c5 4. c3 Nc6 5. Nf3 Bd7 6. Be2 f6 7. 0-0 c4 8. b3 b5 9. a4 a6 10. axb5 axb5 11. Rxa8 Qxa8 12. bxc4 bxc4 13. Bf4 Nge7 14. h4 Ng6 15. Bg3 fxe5 16. h5 Nf4 17. Nxe5 Nxe2+ 18. Qxe2 Nxe5 19. Bxe5 Qa1 20. h6 Rg8 21. hxg7 Bxg7 22. Qh5+ Kd8 23. Qxh7 Bxe5 24. Qxg8+ Kc7 25. dxe5 Qb2 26. Qf8 Qe2 27. Qf4 Bc6 28. Qe3 Qg4 29. f3 Qg6 30. Nd2 Qc2 31. Ra1 Bb7 32. Qc5+ Kb8 33. Qd4 Qb2 34. Rf1 Qc2 35. Rf2 Qc1+ 36. Rf1 Qc2 37. g4 Qh7 38. Kg2 Qg6 39. Kg3 Qg5 40. f4 Qg6 41. f5 exf5 42. Rxf5 Bc8 43. e6 Qxe6 44. Qf4+ Ka8 45. Re5 Qg6 46. Nf3 Bb7 47. Nd4 Qd3+ 48. Re3 Qd1 49. Qf3 Qg1+ 50. Kf4 Qh2+ 51. Kg5 Qd6 52. Qf6 Qc5 53. Rf3 Ka7 54. Qe6 Qa5 55. Nc6+ Bxc6 56. Qxc6 Qd8+ 57. Qf6 Qg8+ 58. Qg6 Qd8+ 59. Qf6 Qg8+ 60. Kf4 Qb8+ 61. Qe5 Qf8+ 62. Kg3 Qc5 63. Rf5 Qg1+ 64. Kh4 d4 65. Qxd4+ Qxd4 66. cxd4 Kb6 67. Rc5 1-0

[Event "GER-chT Lands U20"]
[Site "Wuerzburg"]
[Date "2019.10.04"]
[Round "5.10"]
[White "Weihrauch, Jakob"]
[Black "Jeschke, Jan"]
[Result "1-0"]
[WhiteElo "2167"]
[BlackElo "1863"]
[PlyCount "101"]
[EventDate "2019.10.01"]
[EventType "team-swiss"]
[EventRounds "7"]
[EventCountry "GER"]
[SourceTitle "EXT 2020"]
[Source "ChessBase"]
[SourceDate "2019.10.17"]
[SourceVersion "1"]
[SourceVersionDate "2019.10.17"]
[SourceQuality "1"]
[WhiteTeam "Hamburg/Schleswig Holstein"]
[BlackTeam "Saarland"]
[WhiteTeamCountry "GER"]
[BlackTeamCountry "GER"]

1. e4 e6 2. d4 d5 3. exd5 exd5 4. Nf3 Nc6 5. Bb5 Bd6 6. c4 Bb4+ 7. Kf1 dxc4 8. Qa4 Be7 9. Bxc6+ bxc6 10. Qxc6+ Bd7 11. Qxc4 Rb8 12. Nc3 Nf6 13. b3 0-0 14. Bf4 Rb4 15. Qd3 c5 16. Be5 cxd4 17. Bxd4 Bc6 18. Rd1 Nd5 19. Ne5 Bb7 20. Nc4 Re8 21. Bxg7 Nf4 22. Qg3 Qxd1+ 23. Nxd1 Bxg2+ 24. Qxg2 Nxg2 25. Bc3 Nf4 26. Rg1+ Ng6 27. Bxb4 Bxb4 28. Nde3 Kf8 29. Rg5 Bc3 30. Rd5 Re4 31. Rd8+ Kg7 32. Nd6 Re6 33. Rd7 Ne5 34. Rxa7 Bb4 35. Ndf5+ Kg6 36. Ra4 Bc5 37. Rh4 Bxe3 38. Nxe3 Nf3 39. Rg4+ Kh5 40. Rg7 h6 41. Rxf7 Nxh2+ 42. Kg2 Ng4 43. Nxg4 Kxg4 44. a4 h5 45. b4 Kh4 46. b5 Re4 47. a5 Rb4 48. Rb7 Rg4+ 49. Kf1 Kh3 50. a6 h4 51. a7 1-0

[Event "GER-chT Lands U20"]
[Site "Wuerzburg"]
[Date "2019.10.02"]
[Round "2.8"]
[White "Jeschke, Jan"]
[Black "Hoffmann, Sebastian1111"]
[Result "1-0"]
[WhiteElo "1863"]
[BlackElo "2187"]
[PlyCount "71"]
[EventDate "2019.10.01"]
[EventType "team-swiss"]
[EventRounds "7"]
[EventCountry "GER"]
[SourceTitle "EXT 2020"]
[Source "ChessBase"]
[SourceDate "2019.10.17"]
[SourceVersion "1"]
[SourceVersionDate "2019.10.17"]
[SourceQuality "1"]
[WhiteTeam "Saarland"]
[BlackTeam "Bayern II"]
[WhiteTeamCountry "GER"]
[BlackTeamCountry "GER"]

1. e4 c5 2. d4 cxd4 3. c3 d3 4. c4 Nc6 5. Bxd3 g6 6. Nf3 Bg7 7. Nc3 d6 8. h3 Nf6 9. 0-0 0-0 10. Be3 Nd7 11. Rc1 Nde5 12. Nxe5 dxe5 13. Qd2 Be6 14. Rfd1 Rc8 15. Nd5 Bxd5 16. cxd5 Nd4 17. Rxc8 Qxc8 18. Rc1 Qd7 19. Qc3 f5 20. Qc7 Rd8 21. f3 fxe4 22. fxe4 a6 23. Bg5 Bf6 24. Bxf6 exf6 25. Qb6 Rc8 26. Rxc8+ Qxc8 27. Qxf6 Qc1+ 28. Kh2 Qf4+ 29. Qxf4 exf4 30. e5 Kf7 31. h4 f3 32. Kg3 fxg2 33. Kxg2 a5 34. Kf2 a4 35. Ke3 a3 36. Kxd4 1-0

[Event "GER-ch U16"]
[Site "Willingen"]
[Date "2019.06.11"]
[Round "4"]
[White "Trifan, Andrei Ioan"]
[Black "Jeschke, Jan"]
[Result "1-0"]
[WhiteElo "2268"]
[BlackElo "1871"]
[PlyCount "75"]
[EventDate "2019.06.08"]
[EventType "swiss"]
[EventRounds "9"]
[EventCountry "GER"]
[SourceTitle "CBM 191 Extra"]
[Source "ChessBase"]
[SourceDate "2019.09.30"]
[SourceVersion "1"]
[SourceVersionDate "2019.09.30"]
[SourceQuality "1"]

1. e4 e6 2. d4 d5 3. Nc3 Bb4 4. e5 c5 5. a3 Bxc3+ 6. bxc3 Qc7 7. Qg4 Ne7 8. Bd3 cxd4 9. Ne2 dxc3 10. Qxg7 Rg8 11. Qxh7 Qxe5 12. h4 Nbc6 13. Bf4 Qh8 14. Qxh8 Rxh8 15. Nxc3 a6 16. 0-0-0 f6 17. Bd6 Kf7 18. f4 f5 19. Ne2 Bd7 20. Ng1 Rag8 21. Rd2 Rg4 22. h5 Ng8 23. Nf3 Nf6 24. Ng5+ Kg7 25. Re1 Nxh5 26. Nxe6+ Bxe6 27. Rxe6 Nxf4 28. Bxf5 Rg5 29. Bxf4 Rxf5 30. g3 Kf7 31. Rd6 Ne7 32. Rd7 Rh1+ 33. Kb2 Re1 34. Rxb7 Rf6 35. Rxd5 Re2 36. Rd2 Rxd2 37. Bxd2 Rg6 38. Bb4 1-0